Water treatment principles and design

שמור ב:
מידע ביבליוגרפי
פורמט: ספר
שפה:Undetermined
יצא לאור: New Jersey John Wiley and Sons 2005
נושאים:
תגים: הוספת תג
אין תגיות, היה/י הראשונ/ה לתייג את הרשומה!
Thư viện lưu trữ: Trung tâm Học liệu Trường Đại học Cần Thơ
LEADER 00516nam a2200193Ia 4500
001 CTU_96966
008 210402s9999 xx 000 0 und d
020 |c 2159000 
082 |a 628.162 
082 |b W324 
245 0 |a Water treatment principles and design 
245 0 |c John C. Crittenden ... [et al.] 
260 |a New Jersey 
260 |b John Wiley and Sons 
260 |c 2005 
650 |a Water 
650 |x Purification 
904 |i Tuyến 
980 |a Trung tâm Học liệu Trường Đại học Cần Thơ